都道府県代表駅から乗り換えなしで行ける東西南北端の駅 - Statistics

General Stats
  • This quiz has been taken 65 times
  • The average score is 130 of 187
Answer Stats
Answer % Correct
東京
98%
函館
96%
稚内
96%
博多
95%
新函館北斗
95%
釧路
93%
秋田
93%
銚子
89%
盛岡
89%
仙台
89%
八戸
87%
名古屋
87%
松本
87%
高松(香川県)
85%
新潟
85%
品川
85%
敦賀
85%
伊東
85%
岡山
85%
宇都宮
84%
京都
82%
新大阪
82%
富山
82%
沼津
80%
出雲市
80%
鹿児島中央
80%
小山
78%
新庄
78%
千葉
76%
広島
76%
米原
75%
鳥取
75%
大宮(埼玉県)
75%
佐世保
75%
蟹田
75%
青森
75%
宮古
73%
上野
73%
静岡
73%
小倉(福岡県)
73%
女川
71%
新山口
71%
館山
71%
浜松
69%
八雲
69%
上越妙高
69%
塩尻
67%
松山(愛媛県)
67%
串本
67%
西大山
67%
白馬
67%
新宮
65%
宇和島
65%
門司港
64%
川内(鹿児島県)
64%
上郡
62%
宿毛
62%
阿波池田
60%
姫路
60%
倉吉
58%
宮崎空港
58%
大阪難波
56%
阿波海南
56%
中村
55%
加茂(京都府)
53%
鹿島神宮
51%
桐生
51%
水沢江刺
49%
米沢
49%
八幡浜
49%
紀伊勝浦
49%
鬼怒川温泉
49%
佐伯
45%
金山(愛知県)
45%
近鉄名古屋
44%
信濃大町
44%
東照宮
40%
坂出
38%
舞阪
38%
関西空港
38%
越後川口
38%
富岡
35%
追分(秋田県)
35%
弁天町
35%
江北(佐賀県)
35%
空港第2ビル
35%
垂水
33%
肥前浜
31%
畝傍
29%
陸奥市川
27%
春日山
24%
串木野
24%
戸畑
22%
見能林
20%
来宮
20%
福島今町
20%
竹野
20%
鳥取大学前
20%
肥前大浦
18%
箱根湯本
18%
浅海井
15%
初島
13%
佐津
9%
末恒
7%
No matching quizzes found
Score Distribution
Percent of People with Each Score
Percentile by Number Answered
Your Score History
You have not taken this quiz